|
|
|
|
| LEADER |
00000nam0a2200000 4500 |
| 001 |
371382 |
| 005 |
20231102012355.0 |
| 035 |
|
|
|a (RuTPU)RU\TPU\retro\28792
|
| 035 |
|
|
|a RU\TPU\retro\28789
|
| 090 |
|
|
|a 371382
|
| 100 |
|
|
|a 20221014d1975 km y0rusy50 ca
|
| 101 |
0 |
|
|a rus
|
| 102 |
|
|
|a RU
|
| 105 |
|
|
|a a z 001zy
|
| 200 |
1 |
|
|a Палеофитогеография севера СССР в мелу и палеогене
|f Всесоюзный нефтяной научно-исследовательский геологоразведочный институт ; под ред. В. В. Зауэра
|
| 210 |
|
|
|a Ленинград
|c Недра
|d 1975
|
| 215 |
|
|
|a 99 с.
|c ил.
|e 3 карты
|
| 225 |
1 |
|
|a Труды Всесоюзного нефтяного научно-исследовательского геологоразведочного института (ВНИГРИ)
|v Вып. 358
|
| 320 |
|
|
|a Библиогр. в конце ст.
|
| 606 |
1 |
|
|a Палеоботаника
|x Арктические территории
|2 stltpush
|3 (RuTPU)RU\TPU\subj\71677
|9 85468
|
| 606 |
1 |
|
|a Палеогеография
|x Палеоген
|2 stltpush
|3 (RuTPU)RU\TPU\subj\47971
|9 66854
|
| 610 |
1 |
|
|a ранний мел
|
| 610 |
1 |
|
|a поздний мел
|
| 610 |
1 |
|
|a палеоцен
|
| 610 |
1 |
|
|a растительный покров
|
| 610 |
1 |
|
|a реконструкция
|
| 610 |
1 |
|
|a развитие
|
| 610 |
1 |
|
|a климат
|
| 675 |
|
|
|a 561(98)
|v 3
|
| 675 |
|
|
|a 551.88
|v 3
|
| 702 |
|
1 |
|a Зауэр
|b В. В.
|4 340
|
| 712 |
0 |
2 |
|a Всесоюзный нефтяной научно-исследовательский геологоразведочный институт
|c (Ленинград)
|c (1945-1991)
|2 stltpush
|3 (RuTPU)RU\TPU\col\7662
|9 24357
|
| 801 |
|
1 |
|a RU
|b 63413507
|c 20200715
|
| 801 |
|
2 |
|a RU
|b 63413507
|c 20221014
|g RCR
|
| 942 |
|
|
|c BK
|